LEADER 01192nam0 22002531i 450 001 UON00183169 005 20231205103141.127 010 $a760892 100 $a20030730d1988 |0itac50 ba 101 $afre 102 $aBE 105 $a|||| 1|||| 200 1 $aˆLa ‰collaboration de l'etat, des communautes et des regions dans le domaine de la politique exterieure$fsous la direction de Francis Delperee et Yves Lejeune 210 $aBruxelles$cBruylant ; Lovanio$cAcademia$d1988 - 181 p. ; 22 cm 410 1$1001UON00171799$12001 $aCollection Droit public $1210 $aBruxelles$cBruylant$v6 606 $aDiritto internazionale pubblico$xStudi$3UONC036685$2FI 701 1$aDELPEREE$bFrancis$3UONV105897$0421060 701 1$aLEJEUNE$bYves$3UONV105898$0230781 801 $aIT$bSOL$c20250620$gRICA 899 $aSIBA - SISTEMA BIBLIOTECARIO DI ATENEO$2UONSI 912 $aUON00183169 950 $aSIBA - SISTEMA BIBLIOTECARIO DI ATENEO$dSI PUB B 0157 $eSI SC 22384 5 0157 996 $aCollaboration de l'etat, des communautes et des regions dans le domaine de la politique exterieure$91288673 997 $aUNIOR